Случайные колебания механических систем

Bibliographic Details
Main Author: Светлицкий В. А. Валерий Александрович
Language:Russian
Published: Москва, Машиностроение, 1991
Edition:2-е изд., перераб. и доп.
Series:Библиотека расчетчика
Subjects:
Format: MixedMaterials Book
KOHA link:https://koha.lib.tpu.ru/cgi-bin/koha/opac-detail.pl?biblionumber=140081

MARC

LEADER 00000nam1a2200000 4500
001 140081
005 20231031141946.0
010 |a 521701220X 
020 |a RU  |b 91-39896 
035 |a (RuTPU)RU\TPU\book\151752 
090 |a 140081 
100 |a 20080619d1991 km y0rusy5003 ca 
101 0 |a rus 
200 1 |a Случайные колебания механических систем  |f В. А. Светлицкий 
205 |a 2-е изд., перераб. и доп. 
210 |a Москва  |c Машиностроение  |d 1991 
215 |a 318 с.  |c ил. 
225 1 |a Библиотека расчетчика 
320 |a Библиогр.: с. 313-314. (34 назв.) 
610 1 |a машиностроительные конструкции 
610 1 |a колебания 
675 |a 621.01:534  |z rus 
700 1 |a Светлицкий  |b В. А.  |g Валерий Александрович  |4 070 
801 0 |a RU  |b RuMRKP  |c 19950417  |g psbo 
801 1 |a RU  |b 63413507  |c 20080619  |g PSBO 
801 2 |a RU  |b 63413507  |c 20090414  |g PSBO 
942 |c BK